Statistics for Palindromes by hint on first half of the word

Click here to take the quiz!

General Stats

  • This quiz has been taken 18 times
  • The average score is 5 of 16

Answer Stats

HintAnswer% Correct
___Town RecordsMom
71%
Smallest two-digit numberTenet
65%
Competition of speedRacecar
53%
District AttorneyDad
47%
Three-letter colorRedder
47%
Officiate sporting events; often called blindRefer
47%
To decayRotor
35%
Term for motherMa'am
29%
Upset; angryMadam
29%
"Every kiss begins with _____"Kayak
24%
Prefix; "from" or "offDeed
18%
Very cool; excitingRadar
18%
Ordinal direction; down and to the leftSees
18%
___ code; Abbreviation of this palindromeCivic
0%
A Scot word for "deaf"Deified
0%
Latin root; "light in weight"Level
0%

Score Distribution

Percentile by Number Answered

Percent of People with Each Score

Your Score History

You have not taken this quiz